Využitie hornej podmienenej pravdepodobnosti prekročenia kvantilu pri modelovaní chvostovej závislosti medzi rizikami v poistení

Saved in:
Bibliographic Details
Main Author: Mucha, Vladimír, 1976-
Format: Book Chapter
Language:Slovak
Subjects:
Tags: Add Tag
No Tags, Be the first to tag this record!

MARC

LEADER 00000naa$a2200000$$$4500
001 0305439
005 20241205093854.6
041 0 |a slo 
044 |a SK 
245 1 0 |a Využitie hornej podmienenej pravdepodobnosti prekročenia kvantilu pri modelovaní chvostovej závislosti medzi rizikami v poistení  |c Vladimír Mucha 
500 |a Abstrakt 
610 2 0 |a poistenie 
610 2 0 |a riziko 
610 2 0 |a pravdepodobnosť 
610 2 0 |a modelovanie 
100 1 |a Mucha, Vladimír, 1976-